Testování chemorezistence a chemosenzitivity in vitro v klinické onkologii

Bibliographic Details
Main Authors: Kiss, I. (Author), Kocáková, I. (Author), Maláska, J. (Author), Tomášek, J. (Author), Žaloudík, Jan, 1954- (Author), Coufal, O. (Author), Vyzula, R. (Author)
Format: Article
Language:Czech

MARC

LEADER 00000nab a2200000uu 4500
001 vtls011151156
003 SK-MaSNL
005 20260303120936.0
008 230131|2001 xo |||||||||||||||||cze|
015 |a SNBRB 
035 |a (urnnbn)urn:nbn:sk:snk:ar-a0a1kt 
035 |a (uuid)6cf3c069-8147-4474-a395-5ebcdc08f95a 
035 |a urn:nbn:sk:snk-abb0n9 
040 |a SNKBUCL  |b slo  |c SNKBUCL  |e AACR2 
041 0 |a cze 
044 |a xo  |c SK 
100 1 |a Kiss, I.  |4 aut  |9 376319 
245 1 0 |a Testování chemorezistence a chemosenzitivity in vitro v klinické onkologii  |c I. Kiss, I. Kocáková, J. Maláska, J. Tomášek, J. Žaloudík, O. Coufal, R. Vyzula 
700 1 |a Kocáková, I.  |4 aut  |9 1133975 
700 1 |a Maláska, J.  |4 aut  |9 1133731 
700 1 |a Tomášek, J.  |4 aut  |9 707179 
700 1 |a Žaloudík, Jan,  |d 1954-  |4 aut  |9 219121 
700 1 |a Coufal, O.  |4 aut  |9 1133976 
700 1 |a Vyzula, R.  |4 aut  |9 1133899 
773 0 |t Vnitřní lékařství : časopis Internistické sekce Československé lékařské společnosti J. E. Purkyně  |g Roč. 47, č. 9 (2001), s. 621-626 
954 |a odborná, vedecká literatúra cudzojazyčná (svetová)  |2 lita 
958 |a OND 
958 |a EUIPO 
958 |a article14 
999 |c 1913010  |d 1914940